Loading...
| Science - Chemistry | 0 | 10 | 0 | 2 | 100 | 47 | 72.20 | 0 | 4 |
| Science - Physics | 0 | 6 | 1 | 1 | 55 | 34 | 66.50 | 0 | 3 |
| Science - Biology | 0 | 5 | 1 | 0 | 45 | 64 | 73.20 | 0 | 3 |
| Fine Arts - Classical Music | 0 | 4 | 0 | 0 | 40 | 87 | 88.75 | 0 | 0 |
| History - American History | 0 | 4 | 1 | 0 | 35 | 48 | 72.25 | 0 | 2 |
| Science - Other Science | 0 | 4 | 1 | 0 | 35 | 30 | 61.75 | 0 | 2 |
| History - Other History | 0 | 3 | 0 | 1 | 30 | 94 | 107.67 | 0 | 0 |
| History - European History | 0 | 3 | 0 | 0 | 30 | 35 | 68.33 | 0 | 0 |
| History - World History | 0 | 2 | 0 | 0 | 20 | 9 | 58.50 | 1 | 1 |
| Literature - European Literature | 0 | 2 | 0 | 0 | 20 | 124 | 125.00 | 0 | 0 |
| Social Science | 0 | 1 | 0 | 0 | 10 | 57 | 57.00 | 0 | 0 |
| Geography | 0 | 1 | 0 | 0 | 10 | 53 | 53.00 | 0 | 1 |
| Literature - American Literature | 0 | 1 | 0 | 0 | 10 | 85 | 85.00 | 0 | 0 |
| Literature - World Literature | 0 | 1 | 0 | 0 | 10 | 111 | 111.00 | 0 | 0 |
| Painting/Sculpture | 0 | 1 | 0 | 0 | 10 | 54 | 54.00 | 0 | 0 |
| Philosophy | 0 | 1 | 0 | 0 | 10 | 73 | 73.00 | 0 | 1 |
| Religion | 0 | 1 | 0 | 0 | 10 | 54 | 54.00 | 0 | 0 |
| Mythology | 0 | 1 | 1 | 0 | 5 | 21 | 21.00 | 1 | 1 |
| Fine Arts - Other Fine Arts | 0 | 1 | 1 | 0 | 5 | 104 | 104.00 | 0 | 1 |
| Literature - British Literature | 0 | 0 | 1 | 0 | -5 | 0.00 | 0 | 0 |